Dune (Record no. 591954)

000 -LEADER
fixed length control field 02110cam a2200397 i 4500
001 - CONTROL NUMBER
control field 19163361
003 - CONTROL NUMBER IDENTIFIER
control field NUST
005 - DATE AND TIME OF LATEST TRANSACTION
control field 20221019144312.0
008 - FIXED-LENGTH DATA ELEMENTS--GENERAL INFORMATION
fixed length control field 160705s2016 nyu 000 1 eng
010 ## - LIBRARY OF CONGRESS CONTROL NUMBER
LC control number 2016030436
020 ## - INTERNATIONAL STANDARD BOOK NUMBER
International Standard Book Number 9780143111580 (hardback)
038 ## - RECORD CONTENT LICENSOR
Staff Name Azhar
040 ## - CATALOGING SOURCE
Original cataloging agency DLC
Language of cataloging eng
Transcribing agency DLC
Description conventions rda
042 ## - AUTHENTICATION CODE
Authentication code pcc
050 00 - LIBRARY OF CONGRESS CALL NUMBER
Classification number PS3558.E63
Item number D8 2016
082 00 - DEWEY DECIMAL CLASSIFICATION NUMBER
Classification number 813.54
Edition number 23
Author Mark HER
084 ## - OTHER CLASSIFICATION NUMBER
Classification number FIC028020
-- FIC004000
-- FIC019000
Number source bisacsh
100 1# - MAIN ENTRY--PERSONAL NAME
Personal name Herbert, Frank,
Relator term author.
9 (RLIN) 100831
245 10 - TITLE STATEMENT
Title Dune
Statement of responsibility, etc. Frank Herbert ; series introduction by Neil Gaiman.
260 ## - PUBLICATION, DISTRIBUTION, ETC.
Place of publication, distribution, etc. New York :
Name of publisher, distributor, etc. Penguin Books,
Date of publication, distribution, etc. 2016.
300 ## - PHYSICAL DESCRIPTION
Extent xxii, 694 pages ;
Dimensions 22 cm.
336 ## - CONTENT TYPE
Content type term text
Content type code txt
Source rdacontent
337 ## - MEDIA TYPE
Media type term unmediated
Media type code n
Source rdamedia
338 ## - CARRIER TYPE
Carrier type term volume
Carrier type code nc
Source rdacarrier
490 0# - SERIES STATEMENT
Series statement Penguin galaxy
520 ## - SUMMARY, ETC.
Summary, etc. "Science fiction's supreme masterpiece, Dune will be forever considered a triumph of the imagination. Set on the desert planet Arrakis, it is the story of the boy Paul Atreides, who will become the mysterious man known as Muad'Dib. Paul's noble family is named stewards of Arrakis, whose sands are the only source of a powerful drug called "the spice." After his family is brought down in a traitorous plot, Paul must go undercover to seek revenge, and to bring to fruition humankind's most ancient and unattainable dream. A stunning blend of adventure and mysticism, environmentalism and politics, Dune won the first Nebula Award, shared the Hugo Award, and formed the basis of what is undoubtedly the grandest epic in science fiction. "--
Assigning source Provided by publisher.
563 ## - BINDING INFORMATION
Binding note HB
650 #7 - SUBJECT ADDED ENTRY--TOPICAL TERM
Topical term or geographic name entry element FICTION / Science Fiction / High Tech.
Source of heading or term bisacsh
9 (RLIN) 100832
650 #7 - SUBJECT ADDED ENTRY--TOPICAL TERM
Topical term or geographic name entry element FICTION / Classics.
Source of heading or term bisacsh
9 (RLIN) 100833
650 #7 - SUBJECT ADDED ENTRY--TOPICAL TERM
Topical term or geographic name entry element FICTION / Literary.
Source of heading or term bisacsh
9 (RLIN) 439
655 #7 - INDEX TERM--GENRE/FORM
Genre/form data or focus term Science fiction.
Source of term gsafd
700 1# - ADDED ENTRY--PERSONAL NAME
Personal name Gaiman, Neil,
Relator term writer of introduction.
9 (RLIN) 8006
906 ## - LOCAL DATA ELEMENT F, LDF (RLIN)
a 7
b cbc
c orignew
d 1
e ecip
f 20
g y-gencatlg
942 ## - ADDED ENTRY ELEMENTS (KOHA)
Source of classification or shelving scheme
Koha item type Lincoln Corner
Holdings
Withdrawn status Lost status Source of classification or shelving scheme Damaged status Not for loan Permanent Location Current Location Shelving location Date acquired Full call number Barcode Date last seen Price effective from Koha item type
          Central Library (CL) Central Library (CL) Lincoln Corner 10/19/2022 813.54 HER LC-424 10/19/2022 10/19/2022 Reference
© 2023 Central Library, National University of Sciences and Technology. All Rights Reserved.